Lineamientos generales para una política nacional de educación ambiental : (Registro nro. 1184)

Detalles MARC
000 -CABECERA
Campo de control 01021nam a2200265 a 4500
005 - FECHA Y HORA DE LA ULTIMA TRANSACCION
Campo de control 20171116151426.0
008 - ELEMENTOS DE LONGITUD FIJA—INFORMACION GENERAL
Campo de control 140226s1998 ck ||||r|||| 00| 0 spa d
040 ## - FUENTE DE CATALOGACIÓN
Agencia catalogadora original CO-BoIAVH
Agencia transcriptora CO-BoIAVH
041 0# - IDIOMA
Código de idioma para texto/pista de sonido o título separado Español
044 ## - PAÍS DE PUBLICACIÓN
País de publicación Colombia
082 04 - NUMERO DE CLASIFICACION DECIMAL DEWEY
Número de clasificación 363.70561071
Número del ítem T63l
100 1# - ASIENTO PRINCIPAL--NOMBRE PERSONAL
Nombre personal Torres Carrasco, Maritza
Término relacionado autora
9 (RLIN) 86975
245 10 - MENCION DE TITULO
Título Lineamientos generales para una política nacional de educación ambiental :
Parte restante del título Documento de apoyo /
260 ## - PUBLICACION, DISTRIBUCION, ETC. (PIE DE IMPRENTA)
Lugar de publicación, distribución, etc. Bogotá (Colombia) :
Nombre del editor, distribuidor, etc. Ministerio de Educación Nacional,
Fecha de publicación, distribución, etc. 1998.
300 ## - DESCRIPCION FISICA
Extensión 54 páginas ;
Dimensiones 22 x 23 cm.
490 0# - MENCION DE SERIE
Mención de serie Documentos de trabajo
504 ## - NOTA DE BIBLIOGRAFIA, ETC.
Nota de bibliografía Incluye referencias bibliográficas.
650 26 - ASIENTO SECUNDARIO DE MATERIA - TERMINO TEMATICO
Término temático o nombre geográfico como elemento de entrada Educación ambiental
Subdivisión general Políticas
Subdivisión geográfica Colombia
9 (RLIN) 86976
650 26 - ASIENTO SECUNDARIO DE MATERIA - TERMINO TEMATICO
Término temático o nombre geográfico como elemento de entrada Medio ambiente
Subdivisión general Política educacional
Subdivisión geográfica Colombia
9 (RLIN) 86977
650 26 - ASIENTO SECUNDARIO DE MATERIA - TERMINO TEMATICO
Término temático o nombre geográfico como elemento de entrada Educación ambiental
Subdivisión general Política financiera
Subdivisión geográfica Colombia
9 (RLIN) 86978
662 ## - ASIENTO SECUNDARIO DE MATERIA - JERARQUIA DEL NOMBRE DE LUGAR(
País o entidad mayor Colombia
700 1# - ASIENTO SECUNDARIO - NOMBRE PERSONAL
Nombre personal Cotes Benítez, Miriam
Término de relación autora
9 (RLIN) 86979
710 1# - ASIENTO SECUNDARIO - NOMBRE CORPORATIVO
Nombre corporativo o de jurisdicción como elemento de entrada Colombia
Unidad subordinada Ministerio de Educación Nacional
9 (RLIN) 86980
942 ## - ELEMENTOS ADICIONALES (KOHA)
Tipo de ítem Libro
Sistema de clasificación Dewey Decimal Classification
Existencias
Withdrawn status Lost status Sistema de Clasificación Damaged status No para préstamo Colección Inventariado Ubicación Permanente Ubicación actual Fecha de adquisición Valor Total Checkouts Número topográfico Inventario / Código de Barras Date last seen Ejemplar Price effective from Forma de adquisición Tipo de material
    Dewey Decimal Classification     General Inventariado 2017 Bogotá Bogotá 06/02/2004 39000.00   LB-363.70561071 T63l 015263 04/12/2012 Ej.1 04/12/2012 Donación Libro
    Dewey Decimal Classification     General Inventariado 2017 Bogotá Bogotá 06/02/2004 39000.00   LB-363.70561071 T63l 015279 04/12/2012 Ej.2 04/12/2012 Donación Libro
    Dewey Decimal Classification     General Inventariado 2017 Bogotá Bogotá 06/02/2004 39000.00   LB-363.70561071 T63l 015280 04/12/2012 Ej.3 04/12/2012 Donación Libro